Magic/uniPaaS tesztlefedettség számító algoritmusok fejlesztése és tesztelése

Elmentve itt :
Bibliográfiai részletek
Szerző: Horváth Ferenc
További közreműködők: Gergely Tamás (Témavezető)
Dokumentumtípus: Szakdolgozat
Megjelent: 2013
Tárgyszavak:
Online Access:http://diploma.bibl.u-szeged.hu/52654
LEADER 00713nta a2200169 i 4500
001 dipl52654
005 20160518144720.0
008 150925s2013 hu om 0|| zxx d
040 |a SZTE Diploma Repozitórium  |b hun 
041 |a zxx 
100 1 |a Horváth Ferenc 
245 1 0 |a Magic/uniPaaS tesztlefedettség számító algoritmusok fejlesztése és tesztelése  |h [elektronikus dokumentum] /  |c Ferenc Horváth 
246 1 0 |a Development and testing of Magic/uniPaaS test coverage algorithms  |h [elektronikus dokumentum] 
260 |c 2013 
650 4 |a Természettudományok 
700 1 |a Gergely Tamás  |e ths 
856 4 0 |u http://diploma.bibl.u-szeged.hu/id/eprint/52654/1/2014_Horv%C3%A1th_Ferenc_HOFQAAT_SZE_SZ.pdf  |z Dokumentum-elérés